| 000 | 00435nam a2200181Ia 4500 | ||
|---|---|---|---|
| 001 | 3452 | ||
| 005 | 20260306145644.0 | ||
| 008 | 260306t2007||||xx |||||||||||||| ||spa|| | ||
| 041 | _aESP | ||
| 082 |
_a278.83 _bCH574 |
||
| 100 |
_aPrälatur Opus Dei in Österrreich _eAUT |
||
| 245 | 0 | _aChristsein im Alltag | |
| 260 | _c2007 | ||
| 300 |
_aVarias páginas : _c24 cm. |
||
| 650 | _aGEN | ||
| 654 | _aCHU | ||
| 942 |
_cLIB _dJUS _fJUS _2ddc _n |
||
| 999 |
_c3452 _d3452 |
||